• 首页
  • 本馆介绍
  • 公告通知
  • 最新文献
  • 馆藏检索
  • 电子资源
  • 读者导购
  • 参考咨询
  • 我的图书馆
  • 登录
  • 详细信息显示
  • 放入我的书架
  • 预约/预借图书
  • 作者相关作品
  • 分类相关作品
  • 丛书相关作品
  • 出版社相关作品

书目信息

  • 表格格式
  • 工作单格式
  • 卡片格式
题名:
汉书窥管
    
 
作者: 杨树达 著
分册: 上  
出版信息: 上海   上海古籍出版社  1984
页数: 387页
开本: 21cm
丛书名:
单 册:
中图分类: K234.042 , K234.07
科图分类:
主题词: 历史-中国-两汉时代--纪传体 , 两汉时代-历史--纪传体 , 中国--古代史--封建社会
电子资源:
ISBN:
000 00812nam0 2200301 45
001 0184012849
005 20031218104002.0
010    @dCNY3.20
091    @aCN@b11186.60
100    @a19950522d1984 em y0chiy0121 ea
101 0  @achi
102    @aCN@b310000
105    @ay z 000yy
106    @ar
200 10 @a汉书窥管@h上@Ahan shu kui guan@f杨树达著
210    @a上海@c上海古籍出版社@d1984
215    @a387页@d21cm
605    @a汉书@y研究
606    @a历史-中国-两汉时代@x纪传体
606    @a两汉时代-历史@x纪传体
606 0  @a中国@x古代史@x封建社会
607    @a中国@x历史@x两汉时代@x纪传体
690    @aK234.042@v3
690    @aK234.07
701  0 @a杨树达@Ayang shu da@4 著
801  0 @aCN@b上海图书馆@c20031218
801  2 @aCN@bNLC@c20031218
905    @f2@b135722-723@dK234.07@e11:1
    
    汉书窥管.上/杨树达著.-上海:上海古籍出版社,1984
    387页;21cm
    
    
    ISBN :CNY3.20
    
●
相关链接 在E读中查询图书 在五车中查询图书 在当当中查询图书 在豆瓣中查询图书


正题名:汉书窥管     索取号:K234.07/11:1         预约/预借

序号 登录号 条形码 馆藏地/架位号 状态 备注
1 0135722   001661963   密集书库/ [索取号:K234.07/11:1] 在馆    
2 0135723   001661954   密集书库/ [索取号:K234.07/11:1] 在馆    
3 0135724   001280553   第二样本阅览室/ [索取号:K234.07/11:1] 在馆    
唐山师范学院图书馆 欢迎您!
大连网信软件有限公司© 版权所有